000 00631nam a2200241 i 4500
001 C2-0292752
003 PPAK
005 20180728024734.0
008 090108s2003 nyu |||| ||||| | eng d
020 _a1931082316
040 _aPPAK
_beng
_cPPAK
_erda
082 0 4 _a823
_223
090 0 0 _a823
_bDRE
_dLCK
100 1 _aDreiser, Theodore,
_eauthor
245 1 3 _aAn American tragedy
264 1 _aNew York :
_bThe Library of America ,
_c2003
300 _a972 pages ;
_c21 cm
336 _2rdacontent
_atext
337 _2rdamedia
_aunmediated
338 _2rdacarrier
_avolume
650 1 0 _aEnglish fiction
942 _ddc
_cB
999 _c97591
_d97591